000 00747cam a22002531 4500
001 agr51000107
003 DLC
005 20260227111015.0
008 770408s1951 xx 000 0 eng c
010 _aagr51000107
035 _a(OCoLC)2872591
040 _aU. S. Dept. of Agr. Libr.
_cODa
_dDLC
042 _apremarc
050 0 0 _aSF239
_b.N45 1951
082 _a636.208
100 1 _aNevens, William Barbour,
_d1885-
245 0 0 _aPrinciples of milk production.
250 _a1st ed.
260 _aNew York,
_bMcGraw-Hill,
_c1951.
300 _aix, 443 p.
_billus., maps.
_c24 cm.
440 0 _aMcGraw-Hill publications in the agricultural sciences
504 _a"Supplementary reading" at end of each chapter.
650 0 _aDairying.
999 _c11305
_d11305